| 000 | 00412nam a22001697a 4500 | ||
|---|---|---|---|
| 005 | 20160621122028.0 | ||
| 008 | 160621b xxu||||| |||| 00| 0 eng d | ||
| 020 | _a0-333-54247-9 | ||
| 041 | _aeng | ||
| 082 | _b8719 | ||
| 100 |
_aFerguson, Paul Rand Rothschild, R and Others _92387 |
||
| 245 | _aBusiness Economics | ||
| 260 |
_bMac Millan _c1993 |
||
| 300 | _a401 | ||
| 650 |
_aManagement _9241 |
||
| 942 | _cBK | ||
| 999 |
_c3374 _d3373 |
||